000 00714nam a2200205Ii 4500
003 JO-AjNU
008 230605s9999||||xx |||||||||||||| ||und||
017 _a2013/10/3623
040 _aJO-AjNU
_bara
_erda
_cJO-AjNU
041 _aara
050 1 4 _aZ4.S512 2013
100 3 _aتاليف ستيبقيتش، الكسندر؛ ترجمة محمد الارناؤوط,
_eauthor
_949738
245 0 0 _aتاريخ الكتاب، القسم الثاني)
264 3 1 _aعمان : وزارة الثقافة، 2013
300 _aالقسم الثاني، 248ص
336 _atext
_btxt
_2rdacontent
337 _aunmediated
_bn
_2rdamedia
338 _avolume
_bnc
_2rdacarrier
650 4 _aالكتاب-تاريخ
_949739
999 _aA21866
_c25434
_d25434